000 01413cam0 2200337 ib4500
001 BY-MI0021-br791269
005 20260226114545.0
010 ^a0-7214-1655-1
^bв переплете
100 ^a20260219d1994 a y0engy50 ca
101 0 ^aeng
102 ^aGB
105 ^aa z 000ay
109 ^ama
200 1 ^aTales from the Jungle book
^fRudyard Kipling
^gretold by Alison Ainsworth
^gillustrated by Steve Lee
210 ^aLondon
^cLadybird Books Ltd
^d1994
215 ^a51 с.
^cцв. ил.
^d18 см
225 1 ^aLadybird Classics
300 ^aПеревод на русский язык: Сказки из Книги джунглей Редьярда Киплинга в пересказе Элисона Эйнсворт
606 ^aХУДОЖЕСТВЕННАЯ ЛИТЕРАТУРА
^3BY-NLB-ar37179
^2DVNLB
608 ^aДЕТСКАЯ И ЮНОШЕСКАЯ ЛИТЕРАТУРА (художеств. произведение)
^3BY-NLB-ar9019
^2BYGNR
686 ^a84(4Вел)
^2rubbk
690 ^a1
^2Base
^9BY-MI0021
^xRSEK
700 1 ^aKipling
^bR.
^gRudyard
^cпісьменнік
^f1865—1936
^3BY-SEK-434522
702 1 ^aAinsworth
^bA.
^gAlison
^4570
702 1 ^aLee
^bS.
^gSteve
^4440
801 0 ^aBY
^bBY-MI0021
^c20260219
^gRCR
035 ^a(BY-MI0021)BY-MI0021-br791269
899 0 ^aBY-MI0021
^iK47
^h84(4Вел)